000 00334nab a22001097u 4500
008 130520b1987 xxu||||| |||| 00| 0 spa d
041 _aspa
100 1 _aGramick, J.
_967411
245 0 0 _aDiscriminación social de las lesbianas y la Iglesia
_cJ. Gramick
773 0 _tConcilium
_gV.2,1987,págs.423-430
_x0210-1041
_wRev134
942 _cAR
999 _c355318
_d355318